[Event "Imre Konig Memorial 1st"]
[Site "San Francisco"]
[Date "2002.09.05"]
[Round "2"]
[White "Nakamura, Hikaru"]
[Black "Browne, Walter Shawn"]
[Result "1-0"]
[WhiteElo "2494"]
[BlackElo "2492"]
[Annotator "Golod,V"]
[PlyCount "55"]
[EventDate "2002.09.04"]
[EventType "tourn"]
[EventRounds "9"]
[EventCountry "USA"]
[EventCategory "12"]
[SourceTitle "CBM 092"]
[Source "ChessBase"]
[SourceDate "2003.02.06"]
[SourceVersion "1"]
[SourceVersionDate "2003.02.06"]
[SourceQuality "1"]

1. d4 Nf6 2. c4 e6 3. Nc3 Bb4 4. Qc2 O-O 5. a3 Bxc3+ 6. Qxc3 b6 7. Bg5 Bb7 8.
e3 c5 9. dxc5 bxc5 10. f3 Nc6 11. Bd3 ({Has a better prospect for white
following continuation:} 11. O-O-O $1 {Gelfand,B-Epishin,V/Belgrade,1999 (1-0)
(Gelfand,B)(34)}) (11. Nh3 $143 {See comments to Gulko,B-Aleksandrov,A/
Groningen,1997/CBM 63 (1/2-1/2)(Psakhis,L)(27)}) 11... h6 $5 ({White in first
place had to count with:} 11... Ne4 12. Bxd8 (12. Qxg7+ $2 Kxg7 13. Bxd8 Raxd8
14. Bxe4 d5 $36 {Hass,R-Shereshevski,M/Primorsko,1989(0-1)(31)}) 12... Nxc3 13.
Bc7 Rfc8 14. Bd6 Na4 15. b3 Nb6 16. Ne2 $14 {Horvath,C-Gyorkos,L/Zalakaros,
1997(1-0(30)}) 12. Bh4 d5 $5 $146 ({Was checked in the previous games:} 12...
Re8 {;12...Qa5;12...Ne4 and 12...Rc8.}) 13. Ne2 ({It is clear,that:} 13. Bxf6
Qxf6 14. Qxf6 gxf6 {it could be good only for black.}) 13... d4 ({It looks
pretty well:} 13... Ne4 $5 14. Bxd8 Nxc3 15. Bc7 Nxe2 16. Bxe2 Rac8 17. Bd6
Rfd8 18. Bxc5 dxc4 $11) 14. exd4 cxd4 {This move is much better,than:} (14...
Nxd4 {[%cal Ge6e5]} 15. Nxd4 cxd4 (15... Qxd4 $143 16. Qxd4 cxd4 17. Kd2 $16 {
[%cal Gh1e1]}) 16. Qd2 $14) 15. Qd2 e5 $6 ({I recommended:} 15... a5 $5 {/\a4})
({Now it is not that good how it was before:} 15... Ne4 16. Bxd8 Nxd2 17. Kxd2
(17. Bc7 $6 Nb3) 17... Rfxd8 18. b4 $14) 16. Ng3 {[%csl Rf6][%cal Gg3h5]} Ne4
$2 {How was figured out there was no reason to defence from threat Nh5:} (16...
Re8 $5 17. Nh5 $140 $6 Ne4 18. Bxd8 Nxd2 $13) ({Immediately losing the game:} 
16... g5 $4 17. Bxg5 hxg5 18. Qxg5+ Kh8 19. Qh6+ Kg8 20. Nh5 $18 Nxh5 $140 21.
Qh7#) 17. Bxd8 Nxd2 18. Kxd2 Raxd8 ({It does not make a big changes:} 18...
Rfxd8 19. b4 {with obvious advantage of white.}) 19. b4 $16 {At white,already,
there is pair of o^ PP. For black it is hard to create o^PP in center.} g6 20.
Rae1 {[%csl Re5][%cal Gb4b5]} ({In my opinion it looks more logically:} 20.
Rhe1) 20... Rfe8 21. Ne4 Re7 ({It does not make a big changes:} 21... Kg7 22.
c5 {/\Nd6}) 22. c5 Bc8 ({More stubborn resistance after:} 22... Kf8 23. Nd6 Rb8
24. b5 (24. Re2 $142 {/\Rhe1 and b5.}) 24... Na5 25. c6 Bc8 $16) 23. Nd6 Be6
24. Re2 $1 {[%cal Gh1e1] White brings up their last reserves.} (24. b5 $2 Na5
25. Rxe5 $140 Nb3+ 26. Kc2 Nxc5 27. Rxc5 Rxd6 $14) 24... Kg7 25. Rhe1 $18 {
Black can not protect their weak center.} f6 (25... Red7 $144 26. Bb5 Rxd6 27.
cxd6 Rxd6 28. Bxc6 Rxc6 29. Rxe5 Rc3 30. Ra5 $18) 26. Bb5 Rc7 27. f4 Bg4 28.
Rf2 {[%csl Yc6,Re5][%cal Gb5c6] Further resistance is impossible.} 1-0

[Event "New York Masters 26th"]
[Site "New York"]
[Date "2002.09.24"]
[Round "1"]
[White "Fernandez, John C"]
[Black "Nakamura, Hikaru"]
[Result "0-1"]
[WhiteElo "2133"]
[BlackElo "2494"]
[PlyCount "58"]
[EventDate "2002.09.24"]
[EventType "swiss (rapid)"]
[EventRounds "4"]
[EventCountry "USA"]
[SourceTitle "EXT 2003"]
[Source "ChessBase"]
[SourceDate "2002.11.25"]
[SourceVersion "1"]
[SourceVersionDate "2002.11.25"]
[SourceQuality "1"]

1. e4 c5 2. Nf3 d6 3. d4 cxd4 4. Nxd4 Nf6 5. Nc3 a6 6. Be2 e5 7. Nb3 Be6 8. f4
Qc7 9. g4 h6 10. g5 hxg5 11. fxg5 Nh7 12. Nd5 Qd8 13. Rg1 Be7 14. h4 Nd7 15.
Be3 Nhf8 16. h5 g6 17. h6 Bxd5 18. Qxd5 Nh7 19. Bc4 O-O 20. Rf1 Bxg5 21. Rxf7
Kh8 22. Qe6 Ndf6 23. Rxf8+ Qxf8 24. Qh3 Nxe4 25. O-O-O Qf5 26. Rh1 Nf2 27. Qxf5
Bxe3+ 28. Kb1 gxf5 29. Rg1 Ng4 0-1

[Event "New York Masters 28th"]
[Site "New York"]
[Date "2002.10.08"]
[Round "2"]
[White "Nakamura, Hikaru"]
[Black "Yudasin, Leonid"]
[Result "1/2-1/2"]
[WhiteElo "2494"]
[BlackElo "2573"]
[PlyCount "157"]
[EventDate "2002.10.08"]
[EventType "swiss (rapid)"]
[EventRounds "4"]
[EventCountry "USA"]
[SourceTitle "EXT 2003"]
[Source "ChessBase"]
[SourceDate "2002.11.25"]
[SourceVersion "1"]
[SourceVersionDate "2002.11.25"]
[SourceQuality "1"]

1. d4 Nf6 2. c4 e6 3. Nc3 Bb4 4. Qc2 O-O 5. a3 Bxc3+ 6. Qxc3 b6 7. Bg5 Ba6 8.
e3 d6 9. Bd3 Nbd7 10. Ne2 c5 11. Qb3 Rc8 12. Qa4 Bb7 13. O-O cxd4 14. exd4 d5
15. cxd5 Bxd5 16. Ba6 b5 17. Bxb5 Nb6 18. Qb4 Nc4 19. Rac1 a5 20. Qa4 Nxb2 21.
Rxc8 Qxc8 22. Qxa5 Qb7 23. Rb1 Ne4 24. Bf4 Nc4 25. Qb4 Rc8 26. Rc1 h6 27. f3
Nf6 28. Rc3 g5 29. Bc1 Kg7 30. h3 Nb6 31. a4 Rxc3 32. Qxc3 Nc8 33. Ba3 Ne7 34.
Qc5 Ng6 35. a5 Nd7 36. Qb4 h5 37. a6 Qa7 38. Qd6 Nf6 39. Bc5 Qa8 40. Nc3 Bxf3
41. gxf3 Qxf3 42. Qc6 Qe3+ 43. Kf1 Nf4 44. Bf8+ Kxf8 45. a7 Qc1+ 46. Kf2 Nxh3+
47. Kg3 Qe3+ 48. Qf3 h4+ 49. Kg2 Nf4+ 50. Qxf4 Qxf4 51. a8=Q+ Kg7 52. Ne2 Qg4+
53. Kh2 Nd5 54. Qb8 Qf3 55. Qe5+ Kg6 56. Ng1 Qf2+ 57. Kh1 Nf4 58. Qe4+ Kh6 59.
Bc6 h3 60. Qe5 Ng6 61. Qe4 Qg3 62. Qf3 Qxf3+ 63. Bxf3 f5 64. Kh2 g4 65. Bc6 Kg5
66. Bd7 Nf4 67. Bc8 Kf6 68. Kg3 Nh5+ 69. Kh2 Nf4 70. Kg3 Nd5 71. Bb7 Nc3 72.
Bc6 Kg5 73. Bd7 Ne4+ 74. Kh2 Kh4 75. Nxh3 gxh3 76. Bxe6 Nd6 77. d5 Kg4 78. Bd7
Kh4 79. Be6 1/2-1/2

[Event "New York Masters 29th"]
[Site "New York"]
[Date "2002.10.15"]
[Round "4"]
[White "Nakamura, Hikaru"]
[Black "Novikov, Igor A"]
[Result "1-0"]
[WhiteElo "2494"]
[BlackElo "2601"]
[Annotator "Nakamura,H"]
[PlyCount "89"]
[EventDate "2002.10.15"]
[EventType "swiss (rapid)"]
[EventRounds "4"]
[EventCountry "USA"]
[SourceTitle "EXT 2003"]
[Source "ChessBase"]
[SourceDate "2002.11.25"]
[SourceVersion "1"]
[SourceVersionDate "2002.11.25"]
[SourceQuality "1"]

1. e4 c5 2. Nf3 d6 3. d4 cxd4 4. Nxd4 Nf6 5. Nc3 a6 6. Be3 e6 7. f3 b5 8. Qd2
Nbd7 9. g4 Nb6 10. O-O-O Bb7 11. Nb3 Rc8 12. Na5 Ba8 13. a4 $5 {This rare line
has only been played two times, both games were draws.} (13. g5 Nfd7 14. a4 b4
15. Na2 Nxa4 16. Bxa6 Qxa5 17. Bxc8 Ndb6 $15 {Perez-Novikov, Aosta Open Italy
2002}) 13... Nc4 (13... d5 14. g5 Nfd7 15. exd5 Bxd5 16. axb5 Bb4 17. Nc6 Bxc6
18. bxc6 Rxc6 19. Bxb6 Rxb6 20. Qd4 O-O 21. Na4 $1 Rb8 22. Qxd7 Qxg5+ 23. f4
Qxf4+ 24. Kb1 $16 {Andreev-Voitsekhovsky, 2000}) 14. Nxc4 bxc4 15. Qd4 Qc7 16.
g5 Nd7 17. f4 $146 (17. h4 e5 18. Qa7 Qxa7 19. Bxa7 h6 20. Bh3 $14 {De la
Villa Garcia-Suba, Benasque Open 1995}) 17... h6 18. g6 $5 {The idea behind
sacking the pawn is to weaken the e6 and g6 pawns, and force black to move his
king to f7.} (18. gxh6 Rxh6 19. f5 Rh7 (19... Rh4 20. fxe6 fxe6 21. Bf2 Rh7 22.
Bg3 $1 $14) 20. fxe6) 18... fxg6 {Novikov accepts the challenge. Perhaps f5
was better because once he takes on g6 his pieces get tied down, and black
ends up with a very passive position.} (18... f5 $5 19. Bg2 Nf6 $13) 19. Rg1
Kf7 (19... e5 $6 20. Qd2 g5 (20... exf4 21. Bxf4 Qb6 22. Rxg6 Rb8 23. b3 cxb3
24. Re6+ Kf7 25. Bc4 $16) (20... Qb7 21. Qd5 $1 Qxd5 22. Nxd5 $14) 21. fxg5
hxg5 22. Nd5 $14) 20. f5 gxf5 (20... exf5 21. exf5 gxf5 22. Bh3 $40) 21. exf5
e5 22. Qh4 $6 {Missing a chance to get a winning position.} (22. Qg4 $1 Nf6 23.
Qg6+ Ke7 24. Bg2 $16 {[%csl Yd6,Ye7,Yf8,Yh8]}) 22... Nf6 23. Be2 {[%cal Ye2h5]}
Ke8 24. Rg6 Qf7 25. Qg3 Rb8 26. a5 $1 {[%cal Ye3b6]} Bc6 27. Bb6 h5 {This is
the only move which makes any sense here, but it allows white to win an
exchange. Maybe Novikov felt like giving up the exchange to get some
counterplay because if he does not play h5 white has all the play.} 28. Qh4 d5
29. Qg3 Qe7 30. Bd4 $1 Rxb2 $8 31. Kxb2 exd4 32. Rxd4 Qa3+ 33. Kb1 Bd6 $2 (
33... Qb4+ 34. Kc1 Bd6 $13 {After the game, when I analysed with Novikov , he
suggested this line. I did not find anything which was winning for white, and
I think that black is at least even in this position if not better.}) 34. Qe3+
Kd8 35. Nxd5 $3 $18 {Clearly Novikov did not see this brilliant tactical shot
as he used up most of his time trying to come up with a good move. In the end
he had to settle for a losing endgame down an exchange.} Qxe3 (35... Bxd5 36.
Qxa3 Bxa3 37. Bxc4 Bc5 38. Rd3 $18) (35... Qxa5 36. Nxf6 Qe1+ 37. Qc1 $18) (
35... Nxd5 36. Qxa3 Bxa3 37. Rxc6 $18) 36. Nxe3 Kc7 37. Rxg7+ Nd7 38. Nxc4 Rb8+
39. Nb6 Re8 40. Bf3 Re1+ 41. Ka2 Ra1+ $1 {Desperation} 42. Kxa1 Be5 43. c3 Bxg7
44. Bxc6 Bxd4 45. cxd4 (45. cxd4 Kxc6 46. d5+ Kd6 47. Nxd7 Kxd7 48. f6 $18) 1-0

[Event "Western States op"]
[Site "Reno"]
[Date "2002.10.18"]
[Round "2"]
[White "Nakamura, Hikaru"]
[Black "Shevelev, Dmitri"]
[Result "1-0"]
[WhiteElo "2614"]
[BlackElo "2356"]
[PlyCount "97"]
[EventDate "2002.10.18"]
[EventType "swiss"]
[EventRounds "6"]
[EventCountry "USA"]
[SourceTitle "EXT 2009"]
[Source "ChessBase"]
[SourceDate "2008.11.26"]
[SourceVersion "1"]
[SourceVersionDate "2008.11.26"]
[SourceQuality "1"]

1. d4 g6 2. c4 Bg7 3. Nc3 d6 4. e4 Nc6 5. Be3 e5 6. d5 Nd4 7. Nge2 Nxe2 8. Bxe2
f5 9. exf5 Bxf5 10. g4 Bd7 11. h4 Bh6 12. Qd2 Bxe3 13. Qxe3 Qf6 14. h5 g5 15.
Ne4 Qf4 16. Nxg5 Qxe3 17. fxe3 Nf6 18. Rf1 Ke7 19. Nf7 Rhg8 20. Nh6 Rg7 21.
O-O-O Ng8 22. Nf5+ Bxf5 23. Rxf5 Nh6 24. Rf2 Rf8 25. Rxf8 Kxf8 26. Rg1 Ke7 27.
Kd2 Rg5 28. Ke1 Ng8 29. Kf2 h6 30. Kg3 Nf6 31. Rh1 Rg8 32. Kh4 Ne4 33. Re1 Rf8
34. Bd3 Ng5 35. Kg3 Rf3+ 36. Kg2 Rf8 37. Bf5 a5 38. a3 Rf6 39. b4 Rf8 40. bxa5
Ra8 41. Rb1 Ra7 42. a6 Rxa6 43. Rxb7 Rxa3 44. Rxc7+ Ke8 45. c5 dxc5 46. d6 Ra2+
47. Kg3 Rd2 48. Rc8+ Kf7 49. d7 1-0

[Event "Western States op"]
[Site "Reno"]
[Date "2002.10.19"]
[Round "3"]
[White "Zilberstein, Dmitry"]
[Black "Nakamura, Hikaru"]
[Result "1/2-1/2"]
[WhiteElo "2419"]
[BlackElo "2614"]
[PlyCount "155"]
[EventDate "2002.10.18"]
[EventType "swiss"]
[EventRounds "6"]
[EventCountry "USA"]
[SourceTitle "EXT 2009"]
[Source "ChessBase"]
[SourceDate "2008.11.26"]
[SourceVersion "1"]
[SourceVersionDate "2008.11.26"]
[SourceQuality "1"]

1. d4 Nf6 2. c4 g6 3. Nf3 Bg7 4. Nc3 d5 5. Qb3 dxc4 6. Qxc4 O-O 7. e4 Na6 8.
Be2 c5 9. d5 e6 10. O-O exd5 11. exd5 Bf5 12. Be3 Qb6 13. Na4 Qb4 14. Rac1 Nxd5
15. Qxd5 Qxa4 16. Qxb7 Nb4 17. Bxc5 Rfb8 18. Qc7 Nd5 19. Qd6 Rd8 20. Qa6 Qxa6
21. Bxa6 Bxb2 22. Rcd1 Nc3 23. Rxd8+ Rxd8 24. Re1 Nxa2 25. h3 Be6 26. Rb1 Bc1
27. Nd4 Bd5 28. Bxa7 Bf4 29. Bf1 Nc3 30. Re1 Ra8 31. Bc5 Ne4 32. Bb4 Rb8 33.
Nc2 Ng5 34. Be7 Ne4 35. Bd3 Nc3 36. Bf6 Na4 37. Bd4 Be6 38. Be5 Bxe5 39. Rxe5
Rd8 40. Ne1 Nb2 41. Be2 Na4 42. Re3 Nb6 43. Nf3 Nd5 44. Re4 Nf6 45. Rd4 Ra8 46.
Bc4 Bd7 47. Ne5 Be8 48. Ng4 Nh5 49. Ne3 Nf6 50. Nd5 Nxd5 51. Bxd5 Ra7 52. Bf3
Kg7 53. h4 f5 54. g3 Ra6 55. Rb4 Ra5 56. Rb7+ Bf7 57. Kg2 h6 58. Rc7 Kf6 59.
Rc6+ Be6 60. Be2 Ra4 61. Bd1 Ra3 62. Be2 Ra4 63. Bd1 Rb4 64. f4 Rb2+ 65. Rc2
Rb4 66. Rd2 g5 67. hxg5+ hxg5 68. fxg5+ Kxg5 69. Bf3 Ra4 70. Re2 Bc4 71. Rd2
Ra3 72. Kf2 Rc3 73. Kg2 Bd3 74. Kf2 Bc2 75. Bg2 Be4 76. Bxe4 fxe4 77. Rd5+ Kg4
78. Re5 1/2-1/2

[Event "Western States op"]
[Site "Reno"]
[Date "2002.10.19"]
[Round "4"]
[White "Nakamura, Hikaru"]
[Black "Kraai, Jesse"]
[Result "1-0"]
[WhiteElo "2614"]
[BlackElo "2506"]
[PlyCount "97"]
[EventDate "2002.10.18"]
[EventType "swiss"]
[EventRounds "6"]
[EventCountry "USA"]
[SourceTitle "EXT 2009"]
[Source "ChessBase"]
[SourceDate "2008.11.26"]
[SourceVersion "1"]
[SourceVersionDate "2008.11.26"]
[SourceQuality "1"]

1. d4 e6 2. c4 b6 3. Nc3 Bb4 4. Qc2 Bb7 5. a3 Bxc3+ 6. Qxc3 Ne7 7. Nf3 O-O 8.
g3 Bxf3 9. Qxf3 Nbc6 10. Qc3 d5 11. Bg2 dxc4 12. Qxc4 Qxd4 13. Qc2 Qd6 14. Be3
Nd5 15. Rc1 Nce7 16. Bd2 c5 17. O-O Rad8 18. Rfd1 Qb8 19. e4 Nf6 20. b4 Nc6 21.
bxc5 Nd4 22. Qc4 bxc5 23. Rb1 Qe5 24. Ba5 Rc8 25. f3 Qh5 26. Qf1 Nc2 27. g4 Qg5
28. Qf2 Ne3 29. Rdc1 Nxg2 30. Kxg2 c4 31. Bd2 Qe5 32. Bc3 Qf4 33. Bd2 Qc7 34.
Be3 a6 35. Rc3 Nd7 36. Rbc1 Qa5 37. Rxc4 Rxc4 38. Rxc4 Qxa3 39. Rc7 Ne5 40. Bc5
Qa5 41. Ra7 Nd3 42. Bxf8 Kxf8 43. Ra8+ Ke7 44. Qa7+ Kf6 45. Qd4+ Ne5 46. f4
Qa2+ 47. Kh3 Qa3+ 48. Kh4 h6 49. Qd8+ 1-0

[Event "Western States op"]
[Site "Reno"]
[Date "2002.10.20"]
[Round "5"]
[White "Nakamura, Hikaru"]
[Black "Perelshteyn, Eugene"]
[Result "1/2-1/2"]
[WhiteElo "2614"]
[BlackElo "2514"]
[PlyCount "120"]
[EventDate "2002.10.18"]
[EventType "swiss"]
[EventRounds "6"]
[EventCountry "USA"]
[SourceTitle "EXT 2009"]
[Source "ChessBase"]
[SourceDate "2008.11.26"]
[SourceVersion "1"]
[SourceVersionDate "2008.11.26"]
[SourceQuality "1"]

1. d4 Nf6 2. c4 e6 3. Nc3 Bb4 4. Qc2 Nc6 5. Nf3 O-O 6. Bg5 h6 7. Bxf6 Qxf6 8.
a3 Bxc3+ 9. Qxc3 d6 10. Rd1 e5 11. d5 Ne7 12. g3 Qg6 13. Bg2 f5 14. O-O f4 15.
c5 Bg4 16. Qb4 Nf5 17. cxd6 cxd6 18. Qe4 Rf6 19. Rfe1 Raf8 20. Rd3 fxg3 21.
hxg3 Bh5 22. Rc3 R6f7 23. Nh2 Ne7 24. Qxg6 Bxg6 25. Rec1 e4 26. Rd1 Rxf2 27.
Rc7 R2f7 28. Rxb7 Nxd5 29. Rb3 Nf6 30. Rxd6 Rc7 31. Rd1 Rc2 32. Re1 Rd8 33. Nf1
Bh5 34. Rb7 a5 35. Ne3 Rxe2 36. Rxe2 Bxe2 37. Nf5 e3 38. Nxe3 Bh5 39. Bh3 Bf7
40. Nf5 Rd2 41. Nxg7 Rd1+ 42. Kf2 Kxg7 43. Be6 Ne4+ 44. Ke2 Rd6 45. Bxf7 Nxg3+
46. Kf3 Rf6+ 47. Kxg3 Rxf7 48. Rb5 a4 49. Rb4 Ra7 50. Kf4 Ra5 51. Ke3 Kg6 52.
Kd3 Kg5 53. Ke3 h5 54. Kf3 h4 55. Ke3 Re5+ 56. Kf3 Rf5+ 57. Kg2 Rf4 58. Rb8 Kg4
59. b3 h3+ 60. Kg1 axb3 1/2-1/2

[Event "Western States op"]
[Site "Reno"]
[Date "2002.10.20"]
[Round "6"]
[White "De Guzman, Ricardo"]
[Black "Nakamura, Hikaru"]
[Result "1/2-1/2"]
[WhiteElo "2556"]
[BlackElo "2614"]
[PlyCount "113"]
[EventDate "2002.10.18"]
[EventType "swiss"]
[EventRounds "6"]
[EventCountry "USA"]
[SourceTitle "EXT 2009"]
[Source "ChessBase"]
[SourceDate "2008.11.26"]
[SourceVersion "1"]
[SourceVersionDate "2008.11.26"]
[SourceQuality "1"]

1. d4 d5 2. c4 e6 3. Nc3 c6 4. e3 Nf6 5. Nf3 Nbd7 6. Qc2 Bd6 7. e4 dxe4 8. Nxe4
Nxe4 9. Qxe4 c5 10. Bd2 Nf6 11. Qh4 cxd4 12. Qxd4 Qb6 13. Qxb6 axb6 14. Bd3 Ke7
15. Ke2 Bd7 16. Bc3 Rhd8 17. Rhd1 Bc6 18. g3 g6 19. b3 Nd7 20. Nd4 f5 21. Nxc6+
bxc6 22. Bc2 Ra7 23. f4 e5 24. Rd2 e4 25. Rad1 Bc7 26. a3 Nf8 27. Rxd8 Bxd8 28.
g4 Bc7 29. Ke3 Ne6 30. Rf1 Bd6 31. Bb4 c5 32. Bc3 Rd7 33. h4 Kf8 34. h5 Rf7 35.
gxf5 gxf5 36. h6 Ke7 37. Be5 Bxe5 38. fxe5 Nd4 39. Bd1 Ke6 40. Kf4 Nc6 41. Bh5
Rf8 42. Rg1 Nxe5 43. Rg7 Nd7 44. b4 b5 45. Be2 cxb4 46. axb4 Nb6 47. Rb7 Nxc4
48. Rxb5 Nd6 49. Re5+ Kd7 50. Ra5 Rc8 51. Ke5 Re8+ 52. Kd4 Kc7 53. Rc5+ Kd7 54.
Ra5 Kc7 55. Rc5+ Kd7 56. Ra5 Kc7 57. Rc5+ 1/2-1/2

[Event "New York Masters 30th"]
[Site "New York"]
[Date "2002.10.22"]
[Round "4"]
[White "Lapshun, Yury"]
[Black "Nakamura, Hikaru"]
[Result "1-0"]
[WhiteElo "2393"]
[BlackElo "2494"]
[PlyCount "79"]
[EventDate "2002.10.22"]
[EventType "swiss (rapid)"]
[EventRounds "4"]
[EventCountry "USA"]
[SourceTitle "EXT 2003"]
[Source "ChessBase"]
[SourceDate "2002.11.25"]
[SourceVersion "1"]
[SourceVersionDate "2002.11.25"]
[SourceQuality "1"]

1. d4 d5 2. Bg5 f6 3. Bh4 Nh6 4. f3 c5 5. c3 cxd4 6. cxd4 Nc6 7. e3 e5 8. Nc3
Nf5 9. Bf2 Be6 10. Nge2 Bb4 11. Ng3 Qa5 12. Qd2 Rc8 13. Rc1 O-O 14. Nxf5 Bxf5
15. a3 Bxc3 16. Rxc3 exd4 17. exd4 Rfe8+ 18. Be2 Re7 19. O-O Rce8 20. Re1 Qa4
21. Rc5 Qb3 22. Bb5 Rxe1+ 23. Bxe1 Re6 24. Bf2 h5 25. Bf1 Ne7 26. Rb5 Qa2 27.
Rxb7 Qb1 28. Rxa7 Nc6 29. Rc7 Kh7 30. h3 Bc2 31. Kh2 Bg6 32. Bb5 Ne7 33. a4 Nf5
34. Bd3 Qa1 35. Qc2 Ne7 36. Rxe7 Rxe7 37. Bxg6+ Kh6 38. Bh7 f5 39. Qxf5 Re6 40.
Be3+ 1-0

[Event "New York Masters 34th"]
[Site "New York"]
[Date "2002.11.19"]
[Round "3"]
[White "Nakamura, Hikaru"]
[Black "Sarkar, Justin"]
[Result "1-0"]
[WhiteElo "2494"]
[BlackElo "2395"]
[PlyCount "55"]
[EventDate "2002.11.19"]
[EventType "swiss (rapid)"]
[EventRounds "4"]
[EventCountry "USA"]
[SourceTitle "EXT 2004"]
[Source "ChessBase"]
[SourceDate "2003.11.25"]
[SourceVersion "1"]
[SourceVersionDate "2003.11.25"]
[SourceQuality "1"]

1. c4 c5 2. Nf3 Nf6 3. Nc3 d5 4. cxd5 Nxd5 5. g3 Nc6 6. Bg2 Nc7 7. O-O e5 8. a3
Be7 9. b4 cxb4 10. axb4 Bxb4 11. Nxe5 Nxe5 12. Qa4+ Nc6 13. Bxc6+ bxc6 14. Qxb4
Ne6 15. Ba3 f5 16. Qc4 Qd7 17. d4 Nc7 18. Rfe1 Ba6 19. Qc5 Kf7 20. e4 Rhe8 21.
exf5 Bd3 22. Re3 Rxe3 23. fxe3 Nd5 24. e4 Nxc3 25. Qxc3 Bxe4 26. Re1 Re8 27.
Qc5 Kg8 28. Rxe4 1-0

[Event "New York Masters 34th"]
[Site "New York"]
[Date "2002.11.19"]
[Round "4"]
[White "Yudasin, Leonid"]
[Black "Nakamura, Hikaru"]
[Result "1/2-1/2"]
[WhiteElo "2573"]
[BlackElo "2494"]
[PlyCount "164"]
[EventDate "2002.11.19"]
[EventType "swiss (rapid)"]
[EventRounds "4"]
[EventCountry "USA"]
[SourceTitle "EXT 2004"]
[Source "ChessBase"]
[SourceDate "2003.11.25"]
[SourceVersion "1"]
[SourceVersionDate "2003.11.25"]
[SourceQuality "1"]

1. e4 c5 2. Nc3 d6 3. g3 g6 4. d3 Bg7 5. Bg2 Nc6 6. Be3 Nh6 7. h3 f5 8. Qd2 Nf7
9. f4 O-O 10. Nf3 Rb8 11. O-O e6 12. d4 fxe4 13. Nxe4 b6 14. Rad1 d5 15. Nf2
Nd6 16. c3 Nf5 17. Kh2 cxd4 18. Bxd4 Ncxd4 19. cxd4 Bd7 20. Ng4 h5 21. Nge5 h4
22. g4 Ng3 23. Rfe1 Ne4 24. Qe3 Be8 25. g5 Bxe5 26. dxe5 Ng3 27. Nxh4 Nh5 28.
Rd4 Rc8 29. Bf3 Ng7 30. Bg4 Rc2+ 31. Re2 Qc7 32. Nf3 Bb5 33. Red2 Qc5 34. Kg3
Rc1 35. Rf2 Rd1 36. b4 Qc1 37. Qxc1 Rxc1 38. Rdd2 Rc3 39. Rc2 Rfc8 40. Rxc3
Rxc3 41. Rd2 Ra3 42. Kf2 Bc4 43. Nd4 Kf7 44. Rc2 a5 45. bxa5 Rxa5 46. Rb2 Rxa2
47. Rxa2 Bxa2 48. h4 Bc4 49. Ke3 Ba6 50. Nc6 Bb5 51. Nd4 Bd7 52. Kd3 Ke7 53.
Kc3 Kf7 54. Kb4 Ke7 55. Be2 Be8 56. Bg4 Bd7 57. Ne2 Be8 58. Nc3 Bd7 59. Be2 Be8
60. Bd3 Kd8 61. Ne2 Nh5 62. Ba6 Bd7 63. Bd3 Be8 64. Bc2 Ke7 65. Ba4 Bxa4 66.
Kxa4 Ng7 67. Kb5 Nf5 68. Kxb6 Nxh4 69. Kc5 Nf5 70. Nc1 Kf7 71. Nd3 Ke7 72. Kb6
Nd4 73. Kc7 Nb5+ 74. Kc8 Na7+ 75. Kb7 Nb5 76. Nb4 Kd7 77. Nc6 Nc3 78. Nd4 Ne4
79. Kb6 Nd2 80. Kb5 Nc4 81. Kc5 Ne3 82. Ne2 Nf5 1/2-1/2